Transportný vozík s U lištami
Uložené v:
| Korporatívny autor: | |
|---|---|
| Médium: | Firemný prospekt |
| Jazyk: | Slovak |
| Vydané: |
2005
|
| Fyzický popis: |
1 l. |
| Tagy: |
Pridať tag
Žiadne tagy, Buďte prvý kto otaguje tento záznam!
|
Titul je dostupný aj v ... 

MARC
| LEADER | 00000nam a2200000 a 4500 | ||
|---|---|---|---|
| 001 | 000329708 | ||
| 005 | 20051216100618.0 | ||
| 008 | 051216s2005 e sloo | ||
| 040 | |a KE001 |b slo | ||
| 080 | |a 621.868 |2 undef | ||
| 110 | 2 | |a ENERGO - KOV, v. d. (Tatranská 7, 031 05 Liptovský Mikuláš) |4 aut | |
| 245 | 1 | 0 | |a Transportný vozík s U lištami |
| 260 | |c 2005 | ||
| 300 | |a 1 l. | ||
| 850 | |a KE001 | ||
| 998 | |a FL | ||
| 992 | |a FFP | ||
| 090 | |g SCKHL |k Sklad Pribinova suterén |a 621.868 |j 211881 |i I3476 |s Firemná-2týždne | ||